Digital Market Tools Used by Financial Intermediaries in Slovakia

Enregistré dans:
Détails bibliographiques
Auteur principal: Slobodník, Branislav, 1997-
Autres auteurs: Balaščáková, Simona, 1999-
Format: Chapitre de livre
Langue:anglais
Sujets:
Tags: Ajouter un tag
Pas de tags, Soyez le premier à ajouter un tag!

MARC

LEADER 00000naa$a2200000$$$4500
001 0305513
005 20241210102613.2
041 0 |a eng 
044 |a CZ 
245 1 0 |a Digital Market Tools Used by Financial Intermediaries in Slovakia  |c Branislav Slobodník, Simona Balaščáková 
500 |a abstrakt 
610 2 0 |a sprostredkovatelia finanční 
610 2 0 |a marketing elektronický 
610 2 0 |a siete sociálne 
100 1 |a Slobodník, Branislav, 1997- 
700 1 |a Balaščáková, Simona, 1999-